MARC

LEADER 00000nam0a2200000 4500
001 43761
005 20231101210833.0
035 |a (RuTPU)RU\TPU\book\45325 
090 |a 43761 
100 |a 20021018d1980 k y0rusy50 ca 
101 0 |a rus 
102 |a RU 
105 |a a z 001zy 
200 1 |a Измерительные сканирующие приборы  |f Б. С. Розов, В. Г. Выскуб, В. А. Канцеров и др.  |g Под ред. Б. С. Розова 
210 |a Москва  |c Машиностроение  |d 1980 
215 |a 198 с.  |c ил. 
300 |a Авт. указ. на обороте тит. л. 
320 |a Библиогр.: с. 191-196. 
606 |a Контрольно-измерительные инструменты и приборы, радиоактивные  |x (физика)  |2 stltpush  |3 (RuTPU)RU\TPU\subj\15597  |9 41831 
610 1 |a физика 
610 1 |a приборы 
610 1 |a презиционные измерения 
610 1 |a измерительные приборы 
610 1 |a сканирующие устройства 
610 1 |a электронно-лучевые трубки 
610 1 |a сканирующие телеизмерения 
610 1 |a лазерно-зеркальные сканирующие приборы 
610 1 |a автоматическое управление 
675 |a 539.1.07  |v 3 
701 1 |a Розов  |b Б. С.  |g Борис Сергеевич 
701 1 |a Выскуб  |b В. Г.  |g Виктор Гаврилович 
701 1 |a Канцеров  |b В. А.  |g Вадим Абдурахманович 
701 1 |a Кольцов  |b И. М. 
701 1 |a Мамаев  |b В. Л. 
701 1 |a Маркова  |b Л. А. 
702 1 |a Розов  |b Б. С.  |g Борис Сергеевич  |4 340 
801 1 |a RU  |b 63413507  |c 20021018  |g PSBO 
801 2 |a RU  |b 63413507  |c 20190123  |g PSBO 
942 |c BK